1010 1424 1819 1427 1544 1733 1396 1624 1289 1649 1145 1660 1491 1966 1345 1591 1317 1432 1010 1458 1941 1735 1325 1617 1212 1007 1340 1139 1226 1226 1037 1928 1834 1492 1219 1398 1140 1495 1491 1079 1378 1061 1755 1549 1307 1552 1593 1701 1840 1270 1141 1218 1802 1748 1826 1997 1915 1921 1260 1649 1244 1912 1681 1264 1805 1579 1202 1228 1510 1297 1803 1539 1352 1386 1930 1179 1236 1011 1704 1438 1810 1455 1815 1016 1659 1660 1608 1178 1659 1573 1599 1762 1844 1753 1048 1056 1207 1871 1194 BCNSPRNW ULIB Ver.6.0+V

เปลี่ยนเป็นภาษาไทย

Change to English
 แสดงรายละเอียดบรรณานุกรม
  กลับหน้าหลัก

Brief Record : Get Marc (ISO 2709) : E-mail record : QR code < ปิดหน้าต่าง
LEADER : 00000nam 2200000uu 4500
001    13399126723
003     ULIB
008    190221s2018||||th 000 0 tha d
020    ^a9781259588594
060    ^aWS200^bK65R^cVol.2
100    ^aKline,Mark
245    ^aRudolph s Pediatrics
250    ^a23rd ed
260    ^aNew York :^bMcGraw-Hill,^c2018
300    ^a1301 pages;^b30 cm
650    ^aPediatrics
945    ^p2550^l0^i005384
999    ^aประนอม เกษจรัล
รายการนี้ยังไม่มีแท็ก
คุณยังไม่ได้ล็อกอิน คุณสามารถมีกิจกรรมร่วมกับเว็บไซต์ได้ แต่ต้องล็อกอินก่อน ::
  ล็อกอิน

รายการสื่อสารสนเทศ

ลำดับที่ ประเภท เลขเรียก/บาร์โค้ด สถานที่ สถานะ
1. วิทยาศาสตร์การแพทย์ และสุขภาพ
หนังสือสำรอง
สถานะ=หนังสือสำรอง
WS200 K65R Vol.2 ฉ.1 
  Barcode: 005384
ห้องสมุดวิทยาเขตสวรรค์ประชารักษ์
►หนังสือทั่วไป
บนชั้น

รายการใกล้เคียง
    ชื่อเรื่อง [Rudolph s Pediatrics]

    ผู้แต่ง [Kline,Mark]

    หัวเรื่อง [Pediatrics]

BibComment


ยังไม่เคยถูกคอมเมนท์

คอมเมนท์ทรัพยากรรายการนี้
  คอมเมนท์: Rudolph s Pediat..


 Copyright 2026. Bcnsprnw @Library